| 000 | 00489nam a22001577a 4500 | ||
|---|---|---|---|
| 005 | 20251108164152.0 | ||
| 008 | 250721s9999 xx 000 0 ara d | ||
| 082 | 1 | 4 | _a342.342/فار |
| 100 | 1 | _aخماس، فاروق أحمد | |
| 245 | 1 | 0 | _aالرقابه على أعمال الإدارة / |
| 264 | 1 |
_aالموصل : _bوزارة التعليم و البحث العلمي، _c[19-]. |
|
| 300 | _a129ص | ||
| 650 | 1 | 7 | _aالقانون الإداري |
| 942 |
_2ddc _cBK |
||
| 999 |
_c5385 _d5385 |
||